| 000 | 00875nam a2200229 a 4500 | ||
|---|---|---|---|
| 005 | 20150210165420.0 | ||
| 008 | 140123b2005 ck ||||| |||| 00| 0 spa d | ||
| 040 |
_cCO-BoIH _aCO-BoIAVH |
||
| 041 | _aspa | ||
| 044 | _ack | ||
| 090 |
_aIAVH _b00397 |
||
| 110 |
_bFundación PANGEA _91305 |
||
| 245 | _aImplementación de herramientas de manejo de paisaje en la ventana de paisaje rural ganadero en la cuenca media del Río Chambery, municipio de Aranzazu y Salamina, Caldas | ||
| 260 |
_aArmenia _bFundación PANGEA _bInstituto Alexander von Humboldt _c2005 |
||
| 300 | _a159 p. | ||
| 650 |
_aHerramientas de manejo del paisaje _932864 |
||
| 650 |
_aVentana ganadera _94949 |
||
| 650 |
_aInformación socioeconómica _932865 |
||
| 710 |
_a^aInstituto de Investigación de Recursos Biológicos Alexander von Humboldt _93198 |
||
| 942 |
_cINFORME _2z |
||
| 945 | _d2005-11-04 | ||
| 999 |
_c4759 _d4759 |
||